| 000 | 00782nam a2200193Ia 4500 | ||
|---|---|---|---|
| 003 | GCL | ||
| 005 | 20240530105202.0 | ||
| 008 | 140319s9999 xx 000 0 ara d | ||
| 040 |
_aGCL / _cGCL |
||
| 082 | 0 | 4 |
_a189 _bم ف |
| 100 | 1 | _aمحمد باقر الصدر | |
| 245 | 1 | 0 |
_aفلسفتنا : _cمحمد باقر الصدر _bدراسة موضوعية فى معترك الصراع الفكرى القائم بين مختلف التيارات الفلسفية وخاصة الفلسفة الاسلامية والمادية الديالكتيكية (الماركسية) / |
| 260 |
_a[S.N] : _bدار المعارف |
||
| 300 |
_a349 ص ؛ _c24 سم |
||
| 490 | _aا | ||
| 650 | 0 | 4 | _aالفلسفة الاسلامية |
| 650 | 0 | 4 | _aالفلسفة المادية |
| 942 |
_2ddc _cBK |
||
| 999 |
_c53752 _d53752 |
||